[Event "AUT-ch"]
[Site "Feldkirch"]
[Date "2013.07.24"]
[Round "5"]
[White "Fruehauf, Norbert"]
[Black "Bahl, Felix"]
[Result "1/2-1/2"]
[WhiteElo "2074"]
[BlackElo "2005"]
[PlyCount "88"]
[EventDate "2013.07.20"]
[EventType "swiss"]
[EventRounds "9"]
[EventCountry "AUT"]
[SourceTitle "CBM 155 Extra"]
[Source "ChessBase"]
[SourceDate "2013.08.26"]
[SourceVersion "1"]
[SourceVersionDate "2013.08.26"]
[SourceQuality "1"]

1. e4 e6 2. d4 d5 3. Nc3 Nf6 4. Bg5 dxe4 5. Nxe4 Be7 6. Bxf6 Bxf6 7. Nf3 Bd7 8. Bd3 Bc6 9. c3 Nd7 10. 0-0 0-0 11. Re1 Re8 12. Qc2 g6 13. Nxf6+ Qxf6 14. Ne5 Nxe5 15. Rxe5 Rad8 16. Qd2 Rd6 17. Rae1 Red8 18. Qh6 Qg7 19. Qh4 Re8 20. f4 Qf8 21. g4 Qe7 22. g5 Qf8 23. R1e3 Rd5 24. Rh3 Qg7 25. Ree3 Bd7 26. Bc4 Rd6 27. Qe1 Kf8 28. Rh6 Ke7 29. Reh3 Rh8 30. Qh4 Rxd4 31. cxd4 Qxd4+ 32. Qf2 Qxc4 33. Rc3 Qxa2 34. Qc5+ Ke8 35. Rc2 Bc6 36. Rh3 Qb1+ 37. Kf2 Qh1 38. Rd3 Qxh2+ 39. Ke1 Qxf4 40. Rc4 Qf5 41. Qd4 Ke7 42. Qxh8 Qxd3 43. Qf6+ Ke8 44. Qh8+ Ke7 1/2-1/2

[Event "Lienz op 17th"]
[Site "Lienz"]
[Date "2013.02.10"]
[Round "2"]
[White "Fruehauf, Norbert"]
[Black "Peichel, Roland"]
[Result "1-0"]
[WhiteElo "2061"]
[BlackElo "1910"]
[PlyCount "111"]
[EventDate "2013.02.09"]
[EventType "swiss"]
[EventRounds "9"]
[EventCountry "AUT"]
[SourceTitle "CBM 152 Extra"]
[Source "ChessBase"]
[SourceDate "2013.02.25"]
[SourceVersion "1"]
[SourceVersionDate "2013.02.25"]
[SourceQuality "1"]

1. e4 e6 2. d4 d5 3. Nd2 b6 4. Bb5+ c6 5. Be2 Bb7 6. exd5 cxd5 7. Ngf3 Bd6 8. 0-0 Nf6 9. Re1 0-0 10. Nf1 Nbd7 11. Bg5 h6 12. Bh4 Qc7 13. Bd3 Ne4 14. Bg3 Nxg3 15. Nxg3 e5 16. dxe5 Nxe5 17. Nd4 a6 18. c3 Rfe8 19. Bc2 Rad8 20. Ngf5 Bc8 21. Nxd6 Qxd6 22. h3 Ng6 23. Qd3 Nf8 24. Re2 Rxe2 25. Qxe2 b5 26. Re1 g6 27. a3 Bd7 28. Qe5 Qxe5 29. Rxe5 Be6 30. Bb3 Rd6 31. Bc2 Kg7 32. f3 Nd7 33. Re2 Nf6 34. Kh2 Nd7 35. h4 h5 36. Kg3 Kf6 37. Kf4 Nb8 38. g4 Nc6 39. g5+ Ke7 40. Nxc6+ Rxc6 41. Ke5 Kd7 42. Rd2 Rc4 43. Rd4 Rxd4 44. cxd4 a5 45. b4 axb4 46. axb4 Ke7 47. Bd3 Bd7 48. Kxd5 f6 49. f4 fxg5 50. fxg5 Be8 51. Ke5 Kf7 52. Kd6 Kg7 53. Be4 Bf7 54. Bd5 Bxd5 55. Kxd5 Kf7 56. Kd6 1-0

[Event "Niederbayernliga 1314"]
[Site "Bayern"]
[Date "2013.??.??"]
[Round "4"]
[White "Fruehauf, Norbert"]
[Black "Wimmer, Martin1111"]
[Result "1/2-1/2"]
[WhiteElo "1977"]
[BlackElo "1937"]
[PlyCount "51"]
[EventDate "2013.10.13"]
[EventType "team-tourn"]
[EventRounds "9"]
[EventCountry "GER"]
[SourceTitle "EXT 2023"]
[Source "ChessBase"]
[SourceDate "2022.10.05"]
[SourceVersion "1"]
[SourceVersionDate "2022.10.05"]
[SourceQuality "1"]
[WhiteTeam "Rottal II"]
[BlackTeam "Schaibing"]
[WhiteTeamCountry "GER"]
[BlackTeamCountry "GER"]

1. e4 c6 2. d4 d5 3. Nc3 dxe4 4. Nxe4 Bf5 5. Ng3 Bg6 6. h4 h6 7. Nf3 Nd7 8. h5 Bh7 9. Bd3 Bxd3 10. Qxd3 Ngf6 11. Bd2 e6 12. Qe2 Be7 13. 0-0-0 0-0 14. Ne5 Qc7 15. Ng6 Rfe8 16. Nxe7+ Rxe7 17. Rh3 Ree8 18. Ne4 Nxe4 19. Qxe4 Nf6 20. Qh4 Qe7 21. Rg3 Kh7 22. Re1 Rad8 23. Ree3 Rd5 24. Re5 Nd7 25. Qe4+ Kh8 26. Rxd5 1/2-1/2

[Event "Niederbayernliga 1314"]
[Site "Bayern"]
[Date "2013.??.??"]
[Round "1"]
[White "Mueller, Michael3333"]
[Black "Fruehauf, Norbert"]
[Result "1-0"]
[WhiteElo "2074"]
[BlackElo "1977"]
[PlyCount "119"]
[EventDate "2013.10.13"]
[EventType "team-tourn"]
[EventRounds "9"]
[EventCountry "GER"]
[SourceTitle "EXT 2023"]
[Source "ChessBase"]
[SourceDate "2022.10.05"]
[SourceVersion "1"]
[SourceVersionDate "2022.10.05"]
[SourceQuality "1"]
[WhiteTeam "Bayerwald Regen/Zwiesel"]
[BlackTeam "Rottal II"]
[WhiteTeamCountry "GER"]
[BlackTeamCountry "GER"]

1. e4 d5 2. exd5 Qxd5 3. Nf3 Nf6 4. Be2 Bg4 5. d4 e6 6. 0-0 c6 7. h3 Bh5 8. c4 Qd8 9. Nc3 Be7 10. Be3 0-0 11. a3 a5 12. Rb1 Na6 13. Ne5 Bxe2 14. Qxe2 Nd7 15. Nxd7 Qxd7 16. Na4 Bd8 17. Rfd1 Qe7 18. Qf3 Bc7 19. Nc3 Qh4 20. b4 axb4 21. axb4 Nb8 22. b5 Ra3 23. Bc1 Ra5 24. Qe4 Qxe4 25. Nxe4 cxb5 26. cxb5 b6 27. Bd2 Ra4 28. Bb4 Rd8 29. Nc3 Ra7 30. d5 Re8 31. Ra1 Rxa1 32. Rxa1 Be5 33. Ra8 f5 34. Na4 exd5 35. Nxb6 Rd8 36. Be7 Re8 37. Nxd5 Kf7 38. Bb4 Ke6 39. Ne3 Rc8 40. Ba3 Bd4 41. g3 g5 42. Kg2 h5 43. Kf3 g4+ 44. hxg4 hxg4+ 45. Ke2 Ke5 46. Bb4 Ke4 47. Bd6 Be5 48. Bxe5 Kxe5 49. b6 Rf8 50. b7 Kd6 51. Nxf5+ Kc7 52. Ne3 Kxb7 53. Ra4 Nc6 54. Rxg4 Kc7 55. Re4 Kd6 56. f4 Ne7 57. Kf3 Ng6 58. g4 Nh4+ 59. Kg3 Ng6 60. f5 1-0